000 00459nam a2200181Ia 4500
001 8031
005 20260306160539.0
008 260306t2013||||xx |||||||||||||| ||spa||
041 _aESP
082 _a370.1
_bC75 V. 1
100 _aGonzález Carré, Enrique
_eAUT
245 0 _aAprender e instruir en los andes, siglos XV - XVI
260 _c2013
300 _axxv, 207 páginas :
_c26 cm.
650 _aGEN
654 _aCED
942 _cLIB
_dJUS
_fJUS
_2ddc
_n
999 _c8031
_d8031